| 000 | 00000nam##2200000za#4500 |
| 001 | 9.700433 |
| 003 | CaOODSP |
| 005 | 20210927150515 |
| 007 | cr ||||||||||| |
| 008 | 150407|1996||||xxc|||||o f|0| 0 eng|d |
| 040 | |aCaOODSP|beng |
| 043 | |an-cn--- |
| 086 | 1 |aR72-259/1996E-PDF |
| 110 | 1 |aCanada. |bIndian and Northern Affairs Canada. |
| 245 | 10|aDiscussion paper - proposed amendments to the Northwest Territories Mining Royalty Regime in the Canada Mining Regulations |h[electronic resource] |
| 260 | |aOttawa - Ontario : |bIndian and Northern Affairs |c[1996]. |
| 300 | |a48p.|btables |
| 590 | |a15-03-Supp|b2015-03-13 |
| 690 | 07|aAmendments|2gcpds |
| 690 | 07|aMining industry|2gcpds |
| 775 | 08|tDocument de travail - projet de modification du régime de redevances minières dans les Territoires du Nord-Ouest prévu au règlement sur l'exploitation minière du Canada |w(CaOODSP)9.644322 |
| 856 | 40|ahttp://publications.gc.ca|qPDF|s430 KB|uhttps://publications.gc.ca/collections/collection_2015/aadnc-aandc/R72-259-1996-eng.pdf |